000 00611nam a22002177a 4500
003 UA-OsUOA
001 66044
007 ta
008 20091217b un ||||| |||| 00| 0 ukr d
090 _a821.161.2(092)
_bС73
942 _cBK
040 _aUA-OsUOA
_bukr
_cUA-OsUOA
_dUA-OsUOA
245 _aСпогади про Олександра Довженка
_cСолнцева Ю. І.
300 _a718 с.
955 _a2
041 _aukr
080 _a821.161.2(092)
260 _aК.
_bДніпро
_c1973
650 7 _a82 Література. Літературознавство
_2UDC
999 _c351827
_d351827